• 首页
  • 本馆介绍
  • 公告通知
  • 最新文献
  • 馆藏检索
  • 电子资源
  • 读者导购
  • 参考咨询
  • 我的图书馆
  • 登录
  • 详细信息显示
  • 放入我的书架
  • 预约/预借图书
  • 作者相关作品
  • 分类相关作品
  • 丛书相关作品
  • 出版社相关作品

书目信息

  • 表格格式
  • 工作单格式
  • 卡片格式
题名:
古代地中海群雄逐鹿记
    
 
作者: 任寅虎 , 张振宝 著
分册:  
出版信息: 重庆   重庆出版社  1984
页数: 211页
开本: 19cm
丛书名: 外国史知识丛书
单 册:
中图分类: K12
科图分类:
主题词: 世界史:古代史 , 古代史:世界史
电子资源:
ISBN:
000 00754nam2 2200277 45
001 0184012613
005 20060722094155.73
010    @dCNY0.70
091    @aCN@b11114.39
100    @a19950525d1984 emky0chiy0121 ea
101 0  @achi
102    @aCN@b510000
105    @af z 000yy
200 10 @a古代地中海群雄逐鹿记@Agu dai di zhong hai qun xiong zhu lu ji@f任寅虎,张振宝著
210    @a重庆@c重庆出版社@d1984
215    @a211页@c图@d19cm
225 2  @a外国史知识丛书
410  0 @120010@a外国史知识丛书
606    @a世界史:古代史
606    @a古代史:世界史
690    @aK12@v3
701  0 @a任寅虎@Aren yin hu@4著
701  0 @a张振宝@Azhang zhen bao@4著
801  2 @aCN@bNLC@c20060722
801  0 @aCN@bTSSF
905    @a10447@dK12@e125
    
    古代地中海群雄逐鹿记/任寅虎,张振宝著.-重庆:重庆出版社,1984
    211页:图;19cm.-(外国史知识丛书)
    
    
    ISBN :CNY0.70
    
●
相关链接 在E读中查询图书 在五车中查询图书 在当当中查询图书 在豆瓣中查询图书


正题名:古代地中海群雄逐鹿记     索取号:K12/125         预约/预借

序号 登录号 条形码 馆藏地/架位号 状态 备注
1 0435519   204355198   密集书库/ [索取号:K12/125] 在馆    
2 0435520   204355205   密集书库/ [索取号:K12/125] 在馆    
唐山师范学院图书馆 欢迎您!
大连网信软件有限公司© 版权所有